<?xml version="1.0" encoding="UTF-8"?>
<record
    xmlns:xsi="http://www.w3.org/2001/XMLSchema-instance"
    xsi:schemaLocation="http://www.loc.gov/MARC21/slim http://www.loc.gov/standards/marcxml/schema/MARC21slim.xsd"
    xmlns="http://www.loc.gov/MARC21/slim">

  <leader>00872nam a22001577a 4500</leader>
  <controlfield tag="003">OSt</controlfield>
  <controlfield tag="005">20160225135333.0</controlfield>
  <controlfield tag="008">160225b        xxu||||| |||| 00| 0 eng d</controlfield>
  <datafield tag="040" ind1=" " ind2=" ">
    <subfield code="c">RUA</subfield>
  </datafield>
  <datafield tag="082" ind1=" " ind2=" ">
    <subfield code="a">VEM ROE 2014 B439 Or.1</subfield>
  </datafield>
  <datafield tag="100" ind1=" " ind2=" ">
    <subfield code="9">7476</subfield>
    <subfield code="a">ROEM KOSAL ; &#x179A;&#x17B9;&#x1798; &#x1780;&#x17BB;&#x179F;&#x179B;</subfield>
  </datafield>
  <datafield tag="245" ind1=" " ind2=" ">
    <subfield code="a">Study on prevalence and efficiency of anti-parasites on gastro intestinal tract of dogs in borseth district, kampong speu province, &#x1780;&#x17B6;&#x179A;&#x179F;&#x17B7;&#x1780;&#x17D2;&#x179F;&#x17B6;&#x1796;&#x17B8;&#x1780;&#x1798;&#x17D2;&#x179A;&#x17B7;&#x178F;&#x179A;&#x17B6;&#x179B;&#x178A;&#x17B6;&#x179B; &#x1793;&#x17B7;&#x1784;&#x1794;&#x17D2;&#x179A;&#x179F;&#x17B7;&#x1791;&#x17D2;&#x1792;&#x1797;&#x17B6;&#x1796;&#x17B1;&#x179F;&#x1790;&#x1785;&#x17C6;&#x1796;&#x17C4;&#x17C7;&#x1780;&#x17B6;&#x179A;&#x1791;&#x1798;&#x17D2;&#x179B;&#x17B6;&#x1780;&#x17CB;&#x1794;&#x179A;&#x17B6;&#x179F;&#x17B7;&#x178F;&#x1780;&#x17D2;&#x1793;&#x17BB;&#x1784;&#x1780;&#x17D2;&#x179A;&#x1796;&#x17C1;&#x17C7;&#x1796;&#x17C4;&#x17C7;&#x179C;&#x17C0;&#x1793;&#x179A;&#x1794;&#x179F;&#x17CB;&#x179F;&#x17BB;&#x1793;&#x1781;&#x1780;&#x17D2;&#x1793;&#x17BB;&#x1784;&#x179F;&#x17D2;&#x179A;&#x17BB;&#x1780;&#x1794;&#x179A;&#x179F;&#x17C1;&#x178A;&#x17D2;&#x178B; &#x1781;&#x17C1;&#x178F;&#x17D2;&#x178F;&#x1780;&#x17C6;&#x1796;&#x1784;&#x17CB;&#x179F;&#x17D2;&#x1796;&#x17B9;</subfield>
  </datafield>
  <datafield tag="260" ind1=" " ind2=" ">
    <subfield code="a">Phnom Penh</subfield>
    <subfield code="b">RUA</subfield>
    <subfield code="c">2014</subfield>
  </datafield>
  <datafield tag="300" ind1=" " ind2=" ">
    <subfield code="a">xii ;46p.</subfield>
    <subfield code="b">ill.</subfield>
    <subfield code="c">29cm.</subfield>
  </datafield>
  <datafield tag="942" ind1=" " ind2=" ">
    <subfield code="2">ddc</subfield>
    <subfield code="c">VEM</subfield>
  </datafield>
  <datafield tag="999" ind1=" " ind2=" ">
    <subfield code="c">7063</subfield>
    <subfield code="d">7063</subfield>
  </datafield>
  <datafield tag="952" ind1=" " ind2=" ">
    <subfield code="0">0</subfield>
    <subfield code="1">0</subfield>
    <subfield code="2">ddc</subfield>
    <subfield code="4">0</subfield>
    <subfield code="6">VEM_ROE_2014_000000000000000_B439_OR_1</subfield>
    <subfield code="7">0</subfield>
    <subfield code="9">41186</subfield>
    <subfield code="a">LBB</subfield>
    <subfield code="b">LBB</subfield>
    <subfield code="c">B439</subfield>
    <subfield code="d">2016-02-25</subfield>
    <subfield code="o">VEM ROE 2014 B439 Or.1</subfield>
    <subfield code="p">RUA053414</subfield>
    <subfield code="r">2016-02-25</subfield>
    <subfield code="w">2016-02-25</subfield>
    <subfield code="y">VEM</subfield>
  </datafield>
  <datafield tag="952" ind1=" " ind2=" ">
    <subfield code="0">0</subfield>
    <subfield code="1">0</subfield>
    <subfield code="2">ddc</subfield>
    <subfield code="4">0</subfield>
    <subfield code="6">VEM_ROE_2014_000000000000000_B439_OR_2</subfield>
    <subfield code="7">0</subfield>
    <subfield code="9">41187</subfield>
    <subfield code="a">LBB</subfield>
    <subfield code="b">LBB</subfield>
    <subfield code="c">B439</subfield>
    <subfield code="d">2016-02-25</subfield>
    <subfield code="l">2</subfield>
    <subfield code="o">VEM ROE 2014 B439 Or.2</subfield>
    <subfield code="p">RUA053356</subfield>
    <subfield code="r">2025-06-12</subfield>
    <subfield code="s">2025-05-30</subfield>
    <subfield code="w">2016-02-25</subfield>
    <subfield code="y">VEM</subfield>
  </datafield>
  <datafield tag="952" ind1=" " ind2=" ">
    <subfield code="0">0</subfield>
    <subfield code="1">0</subfield>
    <subfield code="2">ddc</subfield>
    <subfield code="4">0</subfield>
    <subfield code="6">VEM_ROE_2014_000000000000000_B439_OR_3</subfield>
    <subfield code="7">0</subfield>
    <subfield code="9">41188</subfield>
    <subfield code="a">LBB</subfield>
    <subfield code="b">LBB</subfield>
    <subfield code="c">B439</subfield>
    <subfield code="d">2016-02-25</subfield>
    <subfield code="l">2</subfield>
    <subfield code="o">VEM ROE 2014 B439 Or.3</subfield>
    <subfield code="p">RUA053204</subfield>
    <subfield code="r">2022-06-13</subfield>
    <subfield code="s">2022-06-01</subfield>
    <subfield code="w">2016-02-25</subfield>
    <subfield code="y">VEM</subfield>
  </datafield>
  <datafield tag="952" ind1=" " ind2=" ">
    <subfield code="0">0</subfield>
    <subfield code="1">0</subfield>
    <subfield code="2">ddc</subfield>
    <subfield code="4">0</subfield>
    <subfield code="6">VEM_ROE_2014_000000000000000_B439_OR_4</subfield>
    <subfield code="7">0</subfield>
    <subfield code="9">41189</subfield>
    <subfield code="a">LBB</subfield>
    <subfield code="b">LBB</subfield>
    <subfield code="c">B439</subfield>
    <subfield code="d">2016-02-25</subfield>
    <subfield code="l">1</subfield>
    <subfield code="o">VEM ROE 2014 B439 Or.4</subfield>
    <subfield code="p">RUA053135</subfield>
    <subfield code="r">2016-07-09</subfield>
    <subfield code="s">2016-06-04</subfield>
    <subfield code="w">2016-02-25</subfield>
    <subfield code="y">VEM</subfield>
  </datafield>
  <datafield tag="952" ind1=" " ind2=" ">
    <subfield code="0">0</subfield>
    <subfield code="1">0</subfield>
    <subfield code="2">ddc</subfield>
    <subfield code="4">0</subfield>
    <subfield code="6">VEM_ROE_2014_000000000000000_B439_OR_5</subfield>
    <subfield code="7">0</subfield>
    <subfield code="9">41190</subfield>
    <subfield code="a">LBB</subfield>
    <subfield code="b">LBB</subfield>
    <subfield code="c">B439</subfield>
    <subfield code="d">2016-02-25</subfield>
    <subfield code="o">VEM ROE 2014 B439 Or.5</subfield>
    <subfield code="p">RUA053409</subfield>
    <subfield code="r">2016-02-25</subfield>
    <subfield code="w">2016-02-25</subfield>
    <subfield code="y">VEM</subfield>
  </datafield>
  <datafield tag="952" ind1=" " ind2=" ">
    <subfield code="0">0</subfield>
    <subfield code="1">0</subfield>
    <subfield code="2">ddc</subfield>
    <subfield code="4">0</subfield>
    <subfield code="6">VEM_ROE_2014_000000000000000_B439_OR_6</subfield>
    <subfield code="7">0</subfield>
    <subfield code="9">41191</subfield>
    <subfield code="a">LBB</subfield>
    <subfield code="b">LBB</subfield>
    <subfield code="c">B439</subfield>
    <subfield code="d">2016-02-25</subfield>
    <subfield code="l">2</subfield>
    <subfield code="o">VEM ROE 2014 B439 Or.6</subfield>
    <subfield code="p">RUA053352</subfield>
    <subfield code="r">2023-07-28</subfield>
    <subfield code="s">2023-06-16</subfield>
    <subfield code="w">2016-02-25</subfield>
    <subfield code="y">VEM</subfield>
  </datafield>
  <datafield tag="952" ind1=" " ind2=" ">
    <subfield code="0">0</subfield>
    <subfield code="1">0</subfield>
    <subfield code="2">ddc</subfield>
    <subfield code="4">0</subfield>
    <subfield code="6">VEM_ROE_2014_000000000000000_B439_OR_7</subfield>
    <subfield code="7">0</subfield>
    <subfield code="9">41192</subfield>
    <subfield code="a">LBB</subfield>
    <subfield code="b">LBB</subfield>
    <subfield code="c">B439</subfield>
    <subfield code="d">2016-02-25</subfield>
    <subfield code="o">VEM ROE 2014 B439 Or.7</subfield>
    <subfield code="p">RUA053412</subfield>
    <subfield code="r">2016-02-25</subfield>
    <subfield code="w">2016-02-25</subfield>
    <subfield code="y">VEM</subfield>
  </datafield>
  <datafield tag="952" ind1=" " ind2=" ">
    <subfield code="0">0</subfield>
    <subfield code="1">0</subfield>
    <subfield code="2">ddc</subfield>
    <subfield code="4">0</subfield>
    <subfield code="6">VEM_ROE_2014_000000000000000_B439_OR_8</subfield>
    <subfield code="7">0</subfield>
    <subfield code="9">41193</subfield>
    <subfield code="a">LBB</subfield>
    <subfield code="b">LBB</subfield>
    <subfield code="c">B439</subfield>
    <subfield code="d">2016-02-25</subfield>
    <subfield code="l">2</subfield>
    <subfield code="o">VEM ROE 2014 B439 Or.8</subfield>
    <subfield code="p">RUA053143</subfield>
    <subfield code="r">2019-07-16</subfield>
    <subfield code="s">2019-06-17</subfield>
    <subfield code="w">2016-02-25</subfield>
    <subfield code="y">VEM</subfield>
  </datafield>
</record>
